00689nam a2200193 i 450000100060000000300090000600500170001500700030003200800410003510000270007624500940010326000340019730000300023165000330026170000300029485200320032499900170035695201220037328633ES-MaACL20250720013019.0t|030117s1965 sp ||||1| spa d1 aBalinsky, B. Y.92494110aIntroducción a la embriología / cB. Y. Balinsky ; traducción por Antonio Prevosti. aBarcelona : bOmega, c[1965] a631 p. : bil. ; c23 cm. 7aEmbriología2embne91359711 aPrevosti, Antonio.993823 aES-MaACLjC-28028 bR.57375 c28633d28633 00104070aATENEOMbATENEOMcDEPO2d2008-01-17eSCl0oC-28028p1029564r2023-02-23 00:00:00w2023-02-23yMONOGRAFIA